00337nam a2200145Ia 4500008004000000041000800040082001200048100001900060245002600079260004800105650001000153650000700163650001300170650000800183210210b1932 xxu||||| |||| 00| 0 eng d aeng a825/171 aCHARLTON (H B) aArt of literary study aLondonbSir Isaac Pitman & Sons Ltd.,c1932 astudy aof aliterary aArt